01012nam0a22002411 4500001001000000005001700010035002600027100004100053101000800094102000700102105001800109200014900127210004600276215002300322300011100345320005100456700006800507701006600575701007000641801001800711801002200729852001900751rc\79988920250621235110.0 a(NLR Aleph) 005984099 a20041129d1984 |||y0rusy50 ca0 arus aRU aa |||||||||1 aКремнийорганические полиуретаныfВ.П. Кузнецова, Н.Н. Ласковенко, К.В. Запунная aКиевcНаукова думкаd1984 a221 с.cил.d22 aВ надзаг.: АН УССР, Ин-т химии высокомолекуляр. соединений aБиблиогр.: с. 192-219 (648 назв.) 1aКузнецоваbВ.П.gВалентина Павловна 1aЛасковенкоbН.Н.gНилла Николаевна 1aЗапуннаяbК.В.gКлавдия Владимировна 0aRUbNLRgpsbo 1aRUbELAR2rusmarc aNLRj85-5/2374